000 01003nam0a22002531 4500
001 rc\308169
005 20030307121950.2
035 _a(NLR Aleph) 005543467
090 _a5734833
_c5734833
100 _a20030307d1990 u |0rusy50 ca
101 0 _arus
102 _aRU
105 _aa |||||||||
200 1 _aПроблемно-ориентированные вычислительные комплексы
_eСб. науч. тр.
_fАН СССР. Сиб. отд-ние. ВЦ
_gПод ред. А.С. Алексеева
210 _aНовосибирск
_cВЦ СО АН СССР
_d1990
215 _a126 с.
_cил.
_d20
320 _aБиблиогр. в конце ст.
702 1 _aАлексеев
_bА. С.
_gАнатолий Семенович
_4340
712 0 2 _aАН СССР
_bСибирское отделение
_bВычислительный центр
_3RU\NLR\AUTH\8814175
801 0 _aRU
_bNLR
_gpsbo
801 1 _aRU
_bELAR
_2rusmarc
852 _aNLR
_j91-3/48
942 _cBOOK
980 _aNB